000 00509nam a22001577a 4500
082 _a621.41
_bRIA
100 _aRiaz, Rimsha (402825)
_9132377
245 _aBio-based Eutectic PCM-Enhanced Clay Bricks for Passive Thermal Regulation in Extreme Heat Conditions
264 _aIslamabad :
_bUSPCAS-E, NUST
_cOctober, 2025
300 _axiv, 69 p.
_e+CD
520 _aTH-693
650 _aMS TEE Thesis
_9116575
650 _aMS Thesis
_918721
700 _aSupervisor: Dr. Majid Ali
_9116940
942 _2ddc
_cTHE
999 _c615588
_d615588